| 000 | 02578nam a22002657a 4500 | ||
|---|---|---|---|
| 999 |
_c63310 _d63310 |
||
| 003 | Ge_BSU | ||
| 005 | 20250801125552.0 | ||
| 008 | 250801s2025 ge ||||| |||| 00| 0 geo d | ||
| 020 | _a9789941873812 | ||
| 041 | _ageo | ||
| 080 | _a323.173(479.22:479.225):94(479.22:479.225) ვ-12 | ||
| 100 |
_aვადაჭკორია, შოთა, _925737 |
||
| 245 |
_aსამხრეთ ოსეთის" სტატუსის აღდგენა და ქართული პოლიტიკური აზრი 2004-2007 წლებში : _b(ისევ სერგო ორჯონიკიძისებურად) / _cშოთა ვადაჭკორია ; რედ.როინ მეტრეველი |
||
| 264 |
_aთბილისი, _c2025. |
||
| 300 |
_a200 გვ. : _bრუკები ; _c20,5 სმ. |
||
| 501 | _aწიგნს ახლავს ავტორის მინაწერი. | ||
| 504 | _aბიბლიოგრაფია: გვ. 125-130. | ||
| 520 | _aრეზიუმე ინგლისურ ენაზე. | ||
| 653 | _aსაქართველოს ხელისუფლებისგან, ქართულ სინამდვილეში "ოსეთის" და "სამხრეთ ოსეთის" გეოგრაფიულ ტოპონიმად შემოტანა - დამკვიდრების მცდელობა ; ქართულ-ოსური კონფლიქტის მოგვარების სამშვიდობო გეგმების პარადიგმები ; ვლადიმერ სანაკოევის "რუსული პროექტი" და საქართველოს ხელისუფლებისაგან " "სამხრეთ ოსეთის" პოლიტიკური წარმონაქმნის სამართლებრივი დაკანონება ; საარქივო დოკუმენტები ; რუკები. | ||
| 653 | _aქართულ-ოსური კონფლიქტი. | ||
| 653 | _aქართულ-ოსური ურთიერთობის ისტორია | ||
| 700 |
_aმეტრეველი,როინ _eრედაქტორი _9302 |
||
| 710 |
_aსაქართველოს მეცნიერებათა ეროვნული აკადემია. _925738 |
||
| 942 |
_2udc _cᲬᲘᲒᲜᲘ |
||